| 000 | 00433nam a2200145 i 4500 | ||
|---|---|---|---|
| 001 | 133518 | ||
| 003 | ES-MaACL | ||
| 007 | t| | ||
| 008 | 070817q1903 gw ||||1| ger d | ||
| 100 | 1 |
_aWolf-Ferrari, Ermanno. _9117241 |
|
| 245 | 1 | 4 |
_aDie neugierigen Frauen _b: . Le donne curiose / _cMusik von Ermanno Wolf-Ferrari. |
| 260 |
_aLeipzig : _bJosef Weinberger, _c[1903?] |
||
| 300 |
_a122 p. ; _c31 cm. |
||
| 852 |
_aES-MaACL _jB-1499 |
||
| 999 |
_c133518 _d133518 |
||